Statistics for All Tennis ATP Masters 1000 Winners of 2016

Click here to take the quiz!

General Stats

  • This quiz has been taken 47 times
  • The average score is 9 of 9

Answer Stats

TournamentPlayer% Correct
Indian WellsNovak Djokovic
100%
MiamiNovak Djokovic
100%
MadridNovak Djokovic
100%
Rogers CupNovak Djokovic
100%
Monte-CarloRafael Nadal
100%
RomeAndy Murray
94%
ShanghaiAndy Murray
94%
ParisAndy Murray
94%
CincinnatiMarin Cilic
83%

Score Distribution

Percentile by Number Answered

Percent of People with Each Score

Your Score History

You have not taken this quiz